Biểu diễn số tự nhiên thành tổng các lũy thừa và một số dạng toán liên quan
Cơ sở lý thuyết. Biễu diễn số tự nhiên thành tổng các lũy thừa. Một số dạng toán liên quan
Сохранить в:
| Главный автор: | |
|---|---|
| Другие авторы: | |
| Формат: | |
| Язык: | Vietnamese |
| Опубликовано: |
Đà Nẵng
Đại học Đà Nẵng
2016
|
| Предметы: | |
| Метки: |
Добавить метку
Нет меток, Требуется 1-ая метка записи!
|
| Thư viện lưu trữ: | Mạng thư viện Đại học Đà Nẵng |
|---|
| LEADER | 01652nam a2200373 4500 | ||
|---|---|---|---|
| 001 | 000024434 | ||
| 003 | 20922 | ||
| 005 | 20161223101221.0 | ||
| 008 | 161209s2016 viesd | ||
| 041 | |a vie | ||
| 082 | 1 | 4 | |a 513.2 |b ĐÔ-T |
| 100 | 1 | |a Đỗ Thị Kim Thu | |
| 245 | 1 | 0 | |a Biểu diễn số tự nhiên thành tổng các lũy thừa và một số dạng toán liên quan |c Đỗ Thị Kim Thu ; Nguyễn Văn Mậu hướng dẫn |k Luận văn tốt nghiệp |
| 260 | |a Đà Nẵng |b Đại học Đà Nẵng |c 2016 | ||
| 300 | |a 70 tr. ; phụ lục 3 tr. |c 29 cm. |e Tóm tắt | ||
| 500 | |a Luận văn Thạc sĩ Khoa Học. Chuyên ngành : Phương pháp toán sơ cấp. Mã số: 60 46 01 13 | ||
| 520 | 3 | |a Cơ sở lý thuyết. Biễu diễn số tự nhiên thành tổng các lũy thừa. Một số dạng toán liên quan | |
| 650 | 0 | 4 | |a Số tự nhiên (Số học) |v Luận văn thạc sĩ |x Nghiên cứu |
| 653 | |a Số học | ||
| 653 | |a Phương pháp toán sơ cấp | ||
| 653 | |a Phương pháp bất đẳng thức | ||
| 653 | |a lũy thừa | ||
| 653 | |a Số tự nhiên | ||
| 700 | 1 | |a Nguyễn Văn Mậu |c GS.TSKH |e Hướng dẫn | |
| OWN | |a LSP | ||
| AVA | |a UDN50 |b LSP |d 513.2 ĐÔ-T |e available |t Error 5001 Not defined in file expand_doc_bib_avail. |f 1 |g 0 |h N |i 0 |k 1 | ||
| 999 | |a From the UDN01 | ||
| AVA | |a UDN50 |b LSP |d 513.2 ĐÔ-T |e available |t Error 5001 Not defined in file expand_doc_bib_avail. |f 1 |g 0 |h N |i 0 |k 1 | ||
| TYP | |a Monograph | ||
| TYP | |a Printed language | ||
| 980 | |a Mạng thư viện Đại học Đà Nẵng | ||